000 00458nam a2200193Ia 4500
008 151121s9999||||xx |||||||||||||| ||und||
082 _a-393244
082 _bHNW-65008
100 _aMayor F।M।
245 4 _aThe Third Miss Symons
260 _bVirago Press
260 _c--
300 _a143
600 _aMayor F।M।
630 _aThe Third Miss Symons
700 _aMayor F।M।
730 _aThe Third Miss Symons
942 _cBOOK
999 _c1246532
_d1246529